[Event "Leca da Palmeira op"]
[Site "Leca da Palmeira POR"]
[Date "2024.08.03"]
[Round "6.18"]
[White "Macias Sanchez, Homero"]
[Black "Spraggett, Kevin"]
[Result "1/2-1/2"]
[WhiteElo "1978"]
[BlackElo "2440"]
[PlyCount "134"]
[EventDate "2024.07.31"]
[EventType "swiss"]
[EventRounds "9"]
[EventCountry "POR"]
[Source "ChessMix"]
[SourceDate "2024.08.10"]

1. e4 c5 2. b3 g6 3. Bb2 Nf6 4. e5 Nd5 5. Nc3 Nxc3 6. dxc3 Bg7 7. Qd5 Nc6 8. f4
d6 9. exd6 exd6 10. O-O-O O-O 11. Kb1 Bf5 12. Qd2 Qf6 13. Bd3 Bxd3 14. cxd3 a5
15. c4 Qf5 16. Bxg7 Kxg7 17. a4 d5 18. Kb2 Rad8 19. Qc3+ Kg8 20. Ne2 Nb4 21.
Ng3 Qxf4 22. Rhf1 Qg4 23. cxd5 Rxd5 24. Rf3 f5 25. Re1 Qd4 26. Re7 Rf7 27. Re8+
Kg7 28. Ne2 Qxc3+ 29. Kxc3 g5 30. h4 g4 31. Rg3 Rd6 32. Nf4 Nd5+ 33. Nxd5 Rxd5
34. Rge3 f4 35. R3e4 h5 36. R8e7 Rdf5 37. Rxf7+ Kxf7 38. Kd2 b6 39. Ke2 Kf6 40.
Kf2 f3 41. d4 fxg2+ 42. Kxg2 cxd4 43. Rxd4 Ke5 44. Rd3 Rf4 45. Re3+ Re4 46. Rd3
Re2+ 47. Kg3 Ke4 48. Rd6 Re3+ 49. Kg2 Rxb3 50. Rh6 Kf4 51. Rf6+ Ke4 52. Rh6 Rb4
53. Rxh5 Kf4 54. Rd5 Rb2+ 55. Kf1 Kg3 56. h5 Rb1+ 57. Ke2 Rh1 58. Rg5 Rh4 59.
Rf5 Rh1 60. Rb5 Kg2 61. Rxb6 Rxh5 62. Rb5 Rh8 63. Rxa5 g3 64. Rg5 Rh4 65. a5
Ra4 66. Kd3 Kf3 67. Kd2 g2 1/2-1/2

[Event "Leca da Palmeira op"]
[Site "Leca da Palmeira POR"]
[Date "2024.08.04"]
[Round "7.10"]
[White "Spraggett, Kevin"]
[Black "Goncalves, Samuel Jesus P"]
[Result "1-0"]
[WhiteElo "2440"]
[BlackElo "2209"]
[PlyCount "61"]
[EventDate "2024.07.31"]
[EventType "swiss"]
[EventRounds "9"]
[EventCountry "POR"]
[Source "ChessMix"]
[SourceDate "2024.08.10"]

1. Nf3 Nf6 2. c4 g6 3. d4 Bg7 4. g3 O-O 5. Bg2 d5 6. cxd5 Nxd5 7. O-O Nc6 8. e4
Nb6 9. d5 Na5 10. Nc3 c6 11. Bg5 Nac4 12. Qe2 h6 13. Bf4 e5 14. Bc1 cxd5 15.
Nxd5 Nxd5 16. Qxc4 Nb6 17. Qe2 Be6 18. b3 Qe7 19. Be3 Rfc8 20. Qb5 Bd7 21. Qa5
Bc6 22. Nd2 Nd7 23. Rac1 Bf8 24. Rfd1 Kh7 25. f3 b6 26. Qa6 Qa3 27. Bf1 Rc7 28.
Rxc6 Rxc6 29. Qb7 Bc5 30. Qxc6 Bxe3+ 31. Kh1 1-0

[Event "Maia op"]
[Site "Maia POR"]
[Date "2024.08.23"]
[Round "1.5"]
[White "Spraggett, Kevin"]
[Black "Jimenez Villena, Francisco Jose"]
[Result "1-0"]
[WhiteElo "2435"]
[BlackElo "2073"]
[PlyCount "51"]
[EventDate "2024.08.23"]
[EventType "swiss"]
[EventRounds "9"]
[EventCountry "POR"]
[Source "ChessMix "]
[SourceDate "2024.09.10"]

1. c4 e6 2. d4 d5 3. Nf3 c5 4. cxd5 exd5 5. g3 Nc6 6. Bg2 Nf6 7. O-O Be7 8. Nc3
O-O 9. Bg5 c4 10. e3 Be6 11. Ne5 h6 12. Bxf6 Bxf6 13. f4 g6 14. a4 Qa5 15. Qd2
Rad8 16. Rf2 Kg7 17. Bf3 Be7 18. Bd1 Bb4 19. Bc2 Ne7 20. g4 f6 21. Nxg6 Nxg6
22. Bxg6 Kxg6 23. f5+ Kg7 24. fxe6 Rfe8 25. Qc2 Bxc3 26. Qf5 1-0

[Event "Maia op"]
[Site "Maia POR"]
[Date "2024.08.24"]
[Round "2.3"]
[White "Roquero Redondo, Miguel"]
[Black "Spraggett, Kevin"]
[Result "0-1"]
[WhiteElo "2127"]
[BlackElo "2435"]
[PlyCount "88"]
[EventDate "2024.08.23"]
[EventType "swiss"]
[EventRounds "9"]
[EventCountry "POR"]
[Source "ChessMix "]
[SourceDate "2024.09.10"]

1. e4 c5 2. Nf3 Nc6 3. d4 cxd4 4. Nxd4 e5 5. Nb5 d6 6. N1c3 a6 7. Na3 Be7 8.
Nc4 b5 9. Ne3 Nf6 10. Bd3 Nb4 11. Be2 O-O 12. O-O Be6 13. a3 Nc6 14. Bd3 Nd7
15. Ncd5 Nc5 16. c3 Bg5 17. b4 Bxe3 18. Bxe3 Nxd3 19. Qxd3 Ne7 20. Nxe7+ Qxe7
21. Rfd1 Rfd8 22. Qc2 h6 23. a4 Bc4 24. axb5 axb5 25. Ra5 Qe6 26. Qd2 d5 27.
exd5 Bxd5 28. Qe1 Rac8 29. Raa1 Qg6 30. Qf1 Rxc3 31. Rd2 Kh7 32. Rad1 Bc4 33.
Qe1 Rxd2 34. Rxd2 Rb3 35. Rd1 Rb2 36. Qc3 Qg4 37. Re1 Bd5 38. Qd3+ Be4 39. Qf1
Qg6 40. Rc1 Rxb4 41. h3 Rb2 42. Kh2 b4 43. Rd1 b3 44. f3 Bf5 0-1

[Event "Maia op"]
[Site "Maia POR"]
[Date "2024.08.25"]
[Round "3.2"]
[White "Spraggett, Kevin"]
[Black "Gomez Barrera, Javiera Belen"]
[Result "1-0"]
[WhiteElo "2435"]
[BlackElo "2175"]
[PlyCount "75"]
[EventDate "2024.08.23"]
[EventType "swiss"]
[EventRounds "9"]
[EventCountry "POR"]
[Source "ChessMix "]
[SourceDate "2024.09.10"]

1. e4 e5 2. Nf3 Nc6 3. Bb5 a6 4. Ba4 Nf6 5. O-O b5 6. Bb3 Be7 7. d4 d6 8. c3
O-O 9. h3 Bd7 10. Nbd2 h6 11. Re1 Re8 12. Nf1 Bf8 13. Ng3 a5 14. d5 Ne7 15. a4
bxa4 16. Bxa4 c6 17. c4 c5 18. Bd2 Qc7 19. Bc3 Nc8 20. Nd2 Nb6 21. Bc2 a4 22.
Rf1 g5 23. Qf3 Bg7 24. Nf5 Bxf5 25. Qxf5 Qd7 26. Qxd7 Nfxd7 27. Ra3 Ra6 28.
Rfa1 Rea8 29. b3 axb3 30. Rxa6 Rxa6 31. Rxa6 bxc2 32. Ra1 h5 33. g4 hxg4 34.
hxg4 Kf8 35. Rc1 Ke7 36. Rxc2 Nf8 37. Ba5 Nbd7 38. Nf1 1-0

[Event "Maia op"]
[Site "Maia POR"]
[Date "2024.08.26"]
[Round "4.2"]
[White "Goncalves, Samuel Jesus P"]
[Black "Spraggett, Kevin"]
[Result "0-1"]
[WhiteElo "2186"]
[BlackElo "2435"]
[PlyCount "118"]
[EventDate "2024.08.23"]
[EventType "swiss"]
[EventRounds "9"]
[EventCountry "POR"]
[Source "ChessMix "]
[SourceDate "2024.09.10"]

1. e4 c5 2. Nf3 d6 3. d4 cxd4 4. Nxd4 Nf6 5. Nc3 Nc6 6. Bg5 Bd7 7. Qd2 a6 8.
O-O-O e6 9. Kb1 Be7 10. Nxc6 Bxc6 11. f3 Rc8 12. h4 h6 13. Be3 h5 14. Bg5 Qc7
15. Bd3 b5 16. Ne2 Qb7 17. Nd4 Bd7 18. Qe2 g6 19. e5 dxe5 20. Qxe5 Rc5 21. Qe2
Bc8 22. Rde1 Qd7 23. Nb3 Rd5 24. g4 Bb7 25. Rhg1 Kf8 26. Nd2 Kg7 27. Ne4 Qd8
28. Nc3 Rd7 29. gxh5 Nxh5 30. f4 b4 31. f5 Rxd3 32. Bxe7 Qxe7 33. Qxd3 bxc3 34.
fxe6 Qb4 35. b3 Nf6 36. a3 Qxa3 37. Qxc3 Rc8 38. Qd4 Qc5 39. Qb2 Be4 40. Rg5
Qxc2+ 41. Qxc2 Bxc2+ 42. Kb2 Bf5 43. exf7 Kxf7 44. Rg2 Rh8 45. Ra1 Rxh4 46.
Rxa6 Kg7 47. Ra4 Rh3 48. Ra7+ Kh6 49. Ra8 Rf3 50. b4 Nd5 51. Rb8 Ne3 52. Rh2+
Kg5 53. b5 Nc4+ 54. Ka1 Ra3+ 55. Ra2 Rb3 56. Ra4 Na3 57. b6 Rb1+ 58. Ka2 Be6+
59. Kxa3 Rb3+ 0-1

[Event "Maia op"]
[Site "Maia POR"]
[Date "2024.08.27"]
[Round "5.1"]
[White "Spraggett, Kevin"]
[Black "Oliveira, Sara Beatris Silva"]
[Result "1-0"]
[WhiteElo "2435"]
[BlackElo "2188"]
[PlyCount "75"]
[EventDate "2024.08.23"]
[EventType "swiss"]
[EventRounds "9"]
[EventCountry "POR"]
[Source "ChessMix "]
[SourceDate "2024.09.10"]

1. e4 c5 2. Nf3 d6 3. d4 cxd4 4. Nxd4 Nf6 5. Nc3 a6 6. Bg5 e6 7. Qf3 h6 8. Be3
Nbd7 9. O-O-O Qc7 10. Qg3 Nc5 11. f3 Bd7 12. Kb1 b5 13. a3 Rb8 14. Nb3 Na4 15.
Bd2 g6 16. Na2 Rc8 17. Bd3 Bg7 18. Ba5 Qb8 19. c3 Nh5 20. Qf2 O-O 21. Bc2 d5
22. exd5 exd5 23. g3 Nf6 24. Rhe1 Rfe8 25. Ka1 Rxe1 26. Rxe1 Ne8 27. Nb4 Nxc3
28. bxc3 Rxc3 29. Kb1 Bf5 30. Ka2 Be6 31. Nd3 Rc4 32. Nf4 Qd6 33. Bb4 Rxb4 34.
axb4 Qxb4 35. Nxe6 Qa4+ 36. Kb1 fxe6 37. Rxe6 Nf6 38. Qd4 1-0

[Event "Maia op"]
[Site "Maia POR"]
[Date "2024.08.28"]
[Round "6.1"]
[White "Mikhalevski, Victor"]
[Black "Spraggett, Kevin"]
[Result "1/2-1/2"]
[WhiteElo "2482"]
[BlackElo "2435"]
[PlyCount "87"]
[EventDate "2024.08.23"]
[EventType "swiss"]
[EventRounds "9"]
[EventCountry "POR"]
[Source "ChessMix "]
[SourceDate "2024.09.10"]

1. d4 Nf6 2. c4 g6 3. Nc3 Bg7 4. e4 d6 5. Nf3 O-O 6. Be2 Na6 7. O-O e5 8. Be3
Qe7 9. Bg5 exd4 10. Nd5 Qd8 11. Nxf6+ Bxf6 12. Bxf6 Qxf6 13. Qxd4 Kg7 14. Qxf6+
Kxf6 15. Nd4 c6 16. Rfd1 Ke7 17. f3 Bd7 18. Rd2 Rfd8 19. Rc1 Nc7 20. Kf2 a6 21.
h4 Ne6 22. Nc2 c5 23. g3 Ba4 24. b3 Bc6 25. Bf1 b5 26. b4 Rab8 27. a3 h5 28.
Ne3 Kf8 29. Rc3 a5 30. cxb5 axb4 31. axb4 Bxb5 32. bxc5 Bxf1 33. c6 Bh3 34. c7
Nxc7 35. Rxc7 Be6 36. Ra7 Rb1 37. Nd5 Rdb8 38. Ra3 R8b2 39. Rad3 Rxd2+ 40. Rxd2
Bxd5 41. Rxd5 Ke7 42. Ke3 Ke6 43. Kf4 Rb3 44. Ra5 1/2-1/2

[Event "Maia op"]
[Site "Maia POR"]
[Date "2024.08.29"]
[Round "7.2"]
[White "Spraggett, Kevin"]
[Black "Veiga, Jose Francisco R P "]
[Result "1-0"]
[WhiteElo "2435"]
[BlackElo "2385"]
[PlyCount "35"]
[EventDate "2024.08.23"]
[EventType "swiss"]
[EventRounds "9"]
[EventCountry "POR"]
[Source "ChessMix "]
[SourceDate "2024.09.10"]

1. e4 e5 2. Nf3 Nc6 3. Bb5 a6 4. Ba4 Nf6 5. O-O d6 6. Re1 Bd7 7. Bxc6 Bxc6 8.
Nc3 Be7 9. d4 O-O 10. dxe5 dxe5 11. Qxd8 Raxd8 12. Nxe5 Bxe4 13. Nxe4 Nxe4 14.
Nd3 f5 15. f3 Bc5+ 16. Nxc5 Nxc5 17. Bg5 Rd5 18. Be7 1-0

[Event "Maia op"]
[Site "Maia POR"]
[Date "2024.08.30"]
[Round "8.1"]
[White "Spraggett, Kevin"]
[Black "Bailet, Pierre"]
[Result "1/2-1/2"]
[WhiteElo "2435"]
[BlackElo "2478"]
[PlyCount "64"]
[EventDate "2024.08.23"]
[EventType "swiss"]
[EventRounds "9"]
[EventCountry "POR"]
[Source "ChessMix "]
[SourceDate "2024.09.10"]

1. e4 e5 2. Nf3 Nc6 3. Bb5 Nf6 4. O-O Nxe4 5. d4 Nd6 6. Bxc6 dxc6 7. dxe5 Nf5
8. Qxd8+ Kxd8 9. h3 Ke8 10. Nc3 h5 11. Ne2 Be6 12. Nf4 Bd5 13. Nxd5 cxd5 14. g4
hxg4 15. hxg4 Nh4 16. Nxh4 Rxh4 17. f3 Be7 18. Bf4 g5 19. Bg3 Rh6 20. Rfd1 Rd8
21. c3 c6 22. Kg2 Kd7 23. a4 Ke6 24. Rd3 c5 25. Rad1 Rhh8 26. R3d2 Rd7 27. Rd3
b6 28. R3d2 a6 29. Rd3 Rdd8 30. R3d2 Rd7 31. Rd3 Rdd8 32. R3d2 Rd7 1/2-1/2

[Event "Maia op"]
[Site "Maia POR"]
[Date "2024.08.31"]
[Round "9.2"]
[White "Fier, Alexandr"]
[Black "Spraggett, Kevin"]
[Result "1/2-1/2"]
[WhiteElo "2562"]
[BlackElo "2435"]
[PlyCount "118"]
[EventDate "2024.08.23"]
[EventType "swiss"]
[EventRounds "9"]
[EventCountry "POR"]
[Source "ChessMix "]
[SourceDate "2024.09.10"]

1. e4 c5 2. Nf3 d6 3. d4 cxd4 4. Nxd4 Nf6 5. Nc3 a6 6. h3 e5 7. Nf3 h6 8. Be2
Be7 9. Nh2 Be6 10. Ng4 Nbd7 11. Ne3 Rc8 12. O-O Nc5 13. Bf3 b5 14. a3 O-O 15.
Re1 Re8 16. h4 Bf8 17. g3 Ncd7 18. a4 b4 19. Ncd5 a5 20. Bd2 Nc5 21. Nxf6+ Qxf6
22. Bg2 Qd8 23. Qe2 Bd7 24. b3 Be6 25. Rad1 Nd7 26. Bc1 Nf6 27. Bb2 Qb6 28. Rd2
h5 29. Red1 Rc6 30. Kh1 Rcc8 31. Rd3 Rc5 32. R1d2 Qc7 33. Nd1 Bg4 34. f3 Bc8
35. c4 bxc3 36. Rxc3 Be6 37. Qe3 d5 38. exd5 Bxd5 39. Rcd3 Re6 40. Nc3 Bc6 41.
Rd8 Re8 42. Rxe8 Bxe8 43. Ne4 Nxe4 44. Qxe4 Bc6 45. Qe3 Bb7 46. Kh2 Be7 47. Re2
Bf6 48. Qd2 Rd5 49. Qe1 Qd6 50. f4 Rd1 51. Qxa5 Bxg2 52. Rxg2 exf4 53. Qa8+ Bd8
54. Bc3 fxg3+ 55. Rxg3 Qf4 56. Kg2 Qf1+ 57. Kh2 Qf4 58. Kg2 Qf1+ 59. Kh2 Qf4
1/2-1/2

[Event "Famalicao op"]
[Site "Vila Nova de Famalicao POR"]
[Date "2024.07.22"]
[Round "1.3"]
[White "Spraggett, Kevin"]
[Black "Pereira, CarlosMa"]
[Result "1-0"]
[WhiteElo "2440"]
[BlackElo "1711"]
[PlyCount "101"]
[EventDate "2024.07.22"]
[EventType "swiss"]
[EventRounds "9"]
[EventCountry "POR"]
[Source "Mark Crowther"]
[SourceDate "2024.07.29"]

1. c4 c6 2. Nf3 e6 3. e3 d5 4. d4 Nf6 5. Bd3 Nbd7 6. O-O Be7 7. b3 b6 8. Bb2
O-O 9. Nbd2 Bb7 10. Qe2 c5 11. Rfd1 Qc7 12. Rac1 h6 13. cxd5 Nxd5 14. dxc5 bxc5
15. Nc4 Rac8 16. Bb1 Rfd8 17. Qc2 Nf8 18. Be5 Qc6 19. Qb2 f6 20. Na5 Qb6 21.
Nxb7 Qxb7 22. Bg3 Nb6 23. Bd3 Rd5 24. Ne1 Rdd8 25. Qe2 Qa8 26. Nc2 e5 27. f3
Kh8 28. Na3 Qb8 29. Bf2 Rd5 30. Nc4 Rcd8 31. h4 Qc7 32. Nxb6 axb6 33. Bc4 Rxd1+
34. Rxd1 Rxd1+ 35. Qxd1 Qd6 36. Qc2 Qd7 37. a4 g6 38. Bg3 h5 39. Kh2 Kg7 40.
Qe4 Bd6 41. Qd5 Kh6 42. Kh1 Bc7 43. Qa8 Kg7 44. Qb7 Bd8 45. Qe4 Bc7 46. Bb5
Qd1+ 47. Kh2 Qxb3 48. Qc6 Qf7 49. a5 bxa5 50. Qxc5 Ne6 51. Qd5 1-0

[Event "Famalicao op"]
[Site "Vila Nova de Famalicao POR"]
[Date "2024.07.26"]
[Round "7.5"]
[White "Spraggett, Kevin"]
[Black "Campora, D."]
[Result "0-1"]
[WhiteElo "2440"]
[BlackElo "2351"]
[PlyCount "102"]
[EventDate "2024.07.22"]
[EventType "swiss"]
[EventRounds "9"]
[EventCountry "POR"]
[Source "Mark Crowther"]
[SourceDate "2024.07.29"]

1. e4 e5 2. Nf3 Nc6 3. Bc4 Be7 4. O-O Nf6 5. d3 O-O 6. Re1 d6 7. a4 Na5 8. Ba2
c5 9. Nbd2 Be6 10. Bxe6 fxe6 11. Nf1 h6 12. h3 Rf7 13. Bd2 Nc6 14. c3 Qd7 15.
N1h2 Raf8 16. Be3 d5 17. exd5 exd5 18. d4 e4 19. Ne5 Nxe5 20. dxe5 Nh7 21. Qg4
Qxg4 22. hxg4 Rd8 23. Rad1 Nf8 24. f3 exf3 25. Nxf3 Ne6 26. Rd2 Bg5 27. Nxg5
hxg5 28. Red1 Rfd7 29. Rf2 d4 30. cxd4 cxd4 31. Bd2 Rc8 32. Rf3 Rc5 33. Rf5 Rc2
34. b4 Ra2 35. a5 Rc7 36. Kf1 Rcc2 37. Ke1 Nf4 38. e6 Nxe6 39. g3 Ra3 40. Re5
Kf7 41. Rf5+ Ke8 42. Re5 Kd7 43. Rc1 Rxc1+ 44. Bxc1 Rxg3 45. Bxg5 Rxg4 46. Bd2
a6 47. b5 Kd6 48. Rh5 Re4+ 49. Kd1 Re5 50. Bb4+ Kd5 51. Rh8 axb5 0-1

[Event "Famalicao op"]
[Site "Vila Nova de Famalicao POR"]
[Date "2024.07.28"]
[Round "9.6"]
[White "Spraggett, Kevin"]
[Black "Ribeiro, Rodrigo"]
[Result "1-0"]
[WhiteElo "2440"]
[BlackElo "2196"]
[PlyCount "45"]
[EventDate "2024.07.22"]
[EventType "swiss"]
[EventRounds "9"]
[EventCountry "POR"]
[Source "Mark Crowther"]
[SourceDate "2024.07.29"]

1. e4 c5 2. Nf3 e6 3. d4 cxd4 4. Nxd4 Nf6 5. Nc3 Nc6 6. a3 Qc7 7. Be3 a6 8. Be2
Be7 9. f4 d6 10. O-O O-O 11. Qe1 b5 12. Nxc6 Qxc6 13. e5 dxe5 14. fxe5 Nd5 15.
Nxd5 exd5 16. Bd3 Bc5 17. Kh1 Bxe3 18. Qxe3 Re8 19. Qf2 Qd7 20. Rae1 Bb7 21.
Re3 Re7 22. Bxh7+ Kf8 23. Bg6 1-0

[Event "Leca Chess op"]
[Site "Leca da Palmeira POR"]
[Date "2024.08.05"]
[Round "8.5"]
[White "Spraggett, Kevin"]
[Black "Prie, E."]
[Result "1/2-1/2"]
[WhiteElo "2440"]
[BlackElo "2337"]
[PlyCount "61"]
[EventDate "2024.07.31"]
[EventType "swiss"]
[EventRounds "9"]
[EventCountry "POR"]
[Source "Mark Crowther"]
[SourceDate "2024.08.12"]

1. e4 c6 2. d4 d5 3. Nd2 dxe4 4. Nxe4 Nf6 5. Nxf6+ exf6 6. Bc4 Bd6 7. Qe2+ Be7
8. Nf3 O-O 9. O-O Re8 10. Re1 Nd7 11. h3 Nf8 12. c3 Be6 13. Bxe6 Nxe6 14. Be3
Qd7 15. Qc2 Bd6 16. Rad1 b5 17. b3 a5 18. a4 bxa4 19. bxa4 g6 20. Qa2 Nf4 21.
Bxf4 Bxf4 22. Qc2 Kg7 23. Rb1 Re6 24. Rxe6 Qxe6 25. c4 Bd6 26. Re1 Qd7 27. Re3
Rb8 28. Rb3 Re8 29. Re3 Rb8 30. Rb3 Re8 31. Re3 1/2-1/2

[Event "Leca Chess op"]
[Site "Leca da Palmeira POR"]
[Date "2024.08.06"]
[Round "9.9"]
[White "Amirkul, Alimzhan"]
[Black "Spraggett, Kevin"]
[Result "0-1"]
[WhiteElo "2043"]
[BlackElo "2440"]
[PlyCount "168"]
[EventDate "2024.07.31"]
[EventType "swiss"]
[EventRounds "9"]
[EventCountry "POR"]
[Source "Mark Crowther"]
[SourceDate "2024.08.12"]

1. e4 c5 2. d4 cxd4 3. Qxd4 Nc6 4. Qd3 e6 5. Nc3 Nf6 6. Bf4 a6 7. O-O-O b5 8.
Kb1 Bb7 9. e5 Nb4 10. Qd2 Ne4 11. Qe1 Nxc3+ 12. bxc3 Nd5 13. Bd2 Rc8 14. Bd3
Qc7 15. Nf3 Nxc3+ 16. Bxc3 Qxc3 17. Qxc3 Rxc3 18. Rhe1 Rc7 19. Be4 Bb4 20. Re2
Ke7 21. Bxb7 Rxb7 22. Rd3 f6 23. Kb2 Rc7 24. c3 Bc5 25. Nd4 fxe5 26. Rxe5 Rf8
27. f3 Bd6 28. Rg5 g6 29. h4 Rc5 30. Rg4 Rf4 31. Rxf4 Bxf4 32. Ne2 Be5 33. Kb3
Rc4 34. g3 Bf6 35. Re3 Kd6 36. f4 e5 37. fxe5+ Bxe5 38. Rf3 Re4 39. Nc1 Rg4 40.
Nd3 h5 41. Nf2 Rc4 42. Re3 Kd5 43. Rd3+ Ke6 44. Re3 d6 45. Rf3 Rc8 46. Ne4 Ke7
47. Ng5 Rc4 48. Re3 Rg4 49. Ne4 Ke6 50. Kc2 Kd5 51. Kd3 Kc6 52. Ke2 Kb6 53. Kd2
Ka5 54. Kc2 Ka4 55. Kc1 b4 56. cxb4 Kxb4 57. Kc2 Kb5 58. Rb3+ Kc6 59. Re3 d5
60. Nf2 Rc4+ 61. Kd2 Bd4 62. Re6+ Kd7 63. Re2 Ra4 64. Kd3 Bc5 65. Rc2 Ra3+ 66.
Ke2 Bxf2 67. Kxf2 a5 68. Rb2 Kc6 69. Rc2+ Kd6 70. Rb2 Ke5 71. Re2+ Kd4 72. Re6
Rxa2+ 73. Kf3 a4 74. Rxg6 a3 75. Ra6 Kc4 76. Ra8 Ra1 77. Kf4 d4 78. Kg5 a2 79.
Kxh5 d3 80. Rc8+ Kd4 81. Rd8+ Ke3 82. Re8+ Kf3 83. Rf8+ Kxg3 84. Rg8+ Kh3 0-1